000 00326nam a2200121Ia 4500
008 160609s9999 xx 000 0 und d
100 _aLarson, Joseph.
245 _a3D Printing Blueprints
245 _cBy:Joseph Larson
260 _c2013
650 _x3D MODELING
856 _uhttp://file.ebook777.com/017/9781849697088.pdf
999 _c295707
_d295707